| 000 | 00648nam a2200217Ia 4500 | ||
|---|---|---|---|
| 005 | 20250508164754.0 | ||
| 008 | 008 250505s9999 xx 000 0 eng d | ||
| 020 | _a978-81-7708-226-5 | ||
| 037 | _aReference | ||
| 040 |
_aFEDL _beng _cFEDL |
||
| 041 |
_aeng _2eng |
||
| 084 |
_a507.1, ABE/RR _qFEDL |
||
| 100 |
_aAbell Sandra K Ed. _9776505 |
||
| 245 | 0 | _aHandbook of research on science education | |
| 260 |
_aNew York, USA _bRoutledge Taylor and Francis Group _c2007 |
||
| 300 | _axiv,1330p. | ||
| 365 |
_aGBP _b65 |
||
| 700 |
_a Lederman Norman G Ed. _9779129 |
||
| 942 |
_cREF _h507.1, ABE/RR |
||
| 999 |
_c1391049 _d1391049 |
||